000 00582nam a2200229Ia 4500
003 OSt
005 20221007071330.0
006 a|||||r|||| 00| 0
007 ta
008 221006b |||||||| |||| 00| 0 eng d
024 _a16,886
037 _cTextual
040 _aFLL
_cFLL
_beng
041 _2eng
_aeng
082 _aY1:Z, K3
100 _aSamuels Alec
_9688533
245 0 _aLaw for social workers
260 _aLondon
_bButterworths England
_c1963
300 _a292p
_ccm.
942 _hY1:Z, K3
_cTEXL
_2CC
999 _c1143075
_d1143075